Vista normal
Vista MARC
Entrada Personal Name
Número de registros utilizados en: 3
001 - CONTROL NUMBER
- control field: 7174
003 - CONTROL NUMBER IDENTIFIER
- control field: DLC
005 - DATE AND TIME OF LATEST TRANSACTION
- control field: 20230522101904.0
008 - FIXED-LENGTH DATA ELEMENTS
- fixed length control field: 110304n| acannaabn |a aaa c
010 ## - LIBRARY OF CONGRESS CONTROL NUMBER
- LC control number: no2011034958
035 ## - SYSTEM CONTROL NUMBER
- System control number: (OCoLC)oca08787385
040 ## - CATALOGING SOURCE
- Original cataloging agency: MX-SlUA
- Language of cataloging: spa
- Transcribing agency: Mx-PuUPA
- Modifying agency: UPB
- Modifying agency: Mx-PuUPA
- Description conventions: rda
046 ## - SPECIAL CODED DATES
- Birth date: 1970
053 #0 - LC CLASSIFICATION NUMBER
- Classification number element--single number or beginning number of span: PQ7298.423.E516
100 1# - HEADING--PERSONAL NAME
- Personal name: Mendívil López, Leopoldo,
- Dates associated with a name: 1970-
374 ## - OCCUPATION
- Occupation: Autor
375 ## - GENDER
- Gender: hombre
377 ## - ASSOCIATED LANGUAGE
- Language code: spa
- Source of code: MARc code list for languages
400 1# - SEE FROM TRACING--PERSONAL NAME
- Personal name: López, Leopoldo Mendívil
- Dates associated with a name: 1970-
670 ## - SOURCE DATA FOUND
- Source citation: Secreto 1910, 2010:
- Information found: t.p. (Leopoldo Mendívil López)
670 ## - SOURCE DATA FOUND
- Source citation: Secreto 1910, 2011:
- Information found: front flap (b. 1970; Mexican writer)
670 ## - SOURCE DATA FOUND
- Source citation: Biblioteca del congreso (Estados Unidos), 07 mayo 2018:
- Information found: catálogo electrónico
- Uniform Resource Identifier: https://goo.gl/dqJ7PS